000 01078nam a2200313Ia 4500
005 20210727153201.0
008 141031s9999 ck 000 0 spa d
020 _a9500305003
100 1 _aTomasi di Lampedusa,
_dGiuseppe, 1896-1957
245 1 3 _aEl gatopardo
_cGiuseppe Tomasi di Lampedusa ; prólogo Giorgio Bassani ; traducción Guillermo Piro
250 _a2a edición
300 _a317 páginas
_c17 cm.
490 _aBiblioteca Clásica y Contemporanea
534 _tgattopardo
650 1 4 _2LEMB
_aNovela histórica italiana
_ySiglo XX
650 1 4 _2LEMB
_aProblemas sociales en la literatura
650 1 4 _2LEMB
_aAristocracia en la literatura
650 1 4 _2LEMB
_aNovela social
651 1 4 _aItalia
_xVida social y costumbres
_910987
700 1 _aPiro, Guillermo
_etraductor
700 1 _aGiorgio Bassani
_eprologuista
942 _2loc
_cBKLIT
264 _aBuenos Aires
_bLosada
_c2004
336 _atexto
_btxt
_2rdacontent
337 _asin mediación
_bn
_2rdamedia
338 _avolumen
_bnc
_2rdacarrier
040 _aCO-BoRNBP
_bspa
_erda
_cCO-BoRNBP
084 _aN TOM1
999 _c3838
_d3838